LEADER 01640nam a2200265 i 4500 001 000000066922 003 CaOOAMICUS 005 20140204000000.0 008 140204s1947 it u000 u ita u 013 $a38094 040 $aSeMil$bita 100 1 $aD'Elia, Pasquale Maria.$0(OLS)http://semarc/name/10619 245 10$aGalileo in Cina :$brelazioni attraverso il Collegio Romano tra Galileo e i gesuiti scienziati missionari in Cina (1610-1640) /$cPasquale M. D'Elia S. I. Professore di Sinologia nella Pontificia Universitą Gregoriana e nella Universitą degli Studi di Roma. 260 $aRomae :$bApud Aedes Universitatis Gregorianae,$c1947. 300 $aXII, 127 p. :$bill. ;$c24 cm. 490 0 $aAnalecta Gregoriana ;$vVol.37. Series Facultatis Missiologicae. Sectio A, n. 1 490 0 $aAnalecta Gregoriana. Series Facultatis Missiologicae. Sectio A ;$v1 500 $aContiene : Appendice. 650 4$aGalilei, Galileo <1564-1642> - Relazioni con i gesuiti scienziati.$0(OLS)http://semarc/subject/13021 830 0$aAnalecta Gregoriana ;$vVol.37. Series Facultatis Missiologicae. Sectio A, n. 1.$0(OLS)http://semarc/title/9 830 0$aAnalecta Gregoriana. Series Facultatis Missiologicae. Sectio A ;$v1.$0(OLS)http://semarc/title/39945 850 $aSeMil 852 $aSeMil$W1$xVenegono$y1$m2N V 137$j33075$B33075$CSeMilBibl$Z2$F33078 $81 996 $6245$aGalileo in Cina :$brelazioni attraverso il Collegio Romano tra Galileo e i gesuiti scienziati missionari in Cina (1610-1640)$9(OLS)http://semarc/title/106544 996 $6260$aRomae :$bApud Aedes Universitatis Gregorianae$9(OLS)http://semarc/publisher/30266 LEADER 00996nas a2200229 i 4500 001 000000207394 003 CaOOAMICUS 005 20111117000000.0 008 111027b2011 it uu u0 0ita r 013 $a186172 040 $aSeMil$bita 245 10$a[2010-2011]. 260 $aVarese :$bLiceo Ginnasio «Cairoli»,$cstampa 2011$e(Varese :$fLa Tipografica Varese ,$gstampa 2011) 300 $a284 p. :$bill., tabelle ;$c24 cm. 500 $aContiene : Liceo Classico Statale "E. Cairoli" [Anno Scolastico 2010-2011] ; Docenti Anno Scolastico 2010-2011 ; Foto delle classi. 773 0 $tQuaderni del Cairoli.$dVarese : Liceo Ginnasio «Cairoli», 1987$x2281-9436$w()2646 850 $aSeMil 852 $aSeMil$W1$xVenegono$y1$m27 6 55$j157856$B157856$CSeMilBibl$Z2$F169921 $85 941 1 $a6 961 $aOmaggio: Ghiringhelli prof. Livio 996 $6245$a[2010-2011]$9(OLS)http://semarc/title/276073 996 $6260$aVarese :$bLiceo Ginnasio «Cairoli»$9(OLS)http://semarc/publisher/30837